=LDR 00000nam 2200000 4500 =001 INLIS000000000056574 =005 20201001081745 =035 ##$$a 0010-0920000205 =007 ta =008 201001###########################0#ind## =020 ##$$a 979-3359-00-5 =082 ##$$a 305.406 =084 ##$$a 305.406 SIT m =100 1#$$a Sitterly, Connie =245 1#$$a Manager, : $b Cara sukses manager wanita /$c Connie Sitterly =250 ##$$a cet. 1 =260 ##$$a Jakarta :$b Progres,$c 2002 =300 ##$$a 106 hlm, ; $c 14 x 23 cm =600 #4$$a Wanita- Manajemen =990 ##$$a 20404657 =990 ##$$a 20404658 =990 ##$$a 20404660